| 000 | 00482nam a22001817a 4500 | ||
|---|---|---|---|
| 005 | 20260604114546.0 | ||
| 008 | 260604b |||||||| |||| 00| 0 eng d | ||
| 020 |
_a9789332555440 _c740.00 |
||
| 040 | _aMAIN | ||
| 041 | _aEnglish | ||
| 082 |
_a621.384 _bTOH |
||
| 100 |
_aToh, C.K. _922506 |
||
| 245 |
_aAd Hoc Mobile Wireless Networks _b: Protocols and Systems |
||
| 260 |
_aNoida _bPearson _c2023 |
||
| 300 | _a293 | ||
| 650 |
_aComputer Science (PM USHA) _926808 |
||
| 942 | _cBK | ||
| 999 |
_c60993 _d60993 |
||